Swedish Geography A-Z - Statistics

General Stats
  • This quiz has been taken 50 times
  • The average score is 15 of 25
Answer Stats
Hint Answer % Correct
F Haparanda is located on the border with this country Finland
98%
C Meaning of the name of Sweden's currency, the krona Crown
94%
M Third most populous city in Sweden Malmö
91%
E National animal of Sweden Elk
83%
I Stockholm has over 24 000 of these, known as "öar" Islands
81%
S Indigenous people living in northern part of Sweden Sami
79%
G Largest island of Sweden Gotland
77%
B Gulf that the northeastern coast of Sweden borders Bothnia
74%
O Bridge that connects M to Copenhagen Öresund Bridge
74%
Q English name of the residence of the Swedish royal family, "Drottningholm Palace" {Queen}'s Islet
74%
U City that is home to Sweden's oldest University Uppsala
74%
L English name of the region S inhabits - Sweden shared with its neighbors Lapland
68%
K City that was the site a 1397 treaty joining Denmark, Sweden, and Norway under one king Kalmar
66%
R An inscribed stone with writing and/or pictures on it – four notable ones are in Aspa Runestones
64%
V Name either of the two largest lakes in Sweden (both start with V) Vänern / Vättern
51%
Y One of the recognised minority languages of Sweden Yiddish
51%
J City in south-central where "The Cardigans" started Jönköping
47%
Z Little town in Örebro County known for its mining industry, of a particular metal {Zink}gruvan
43%
A Busiest airport in Stockholm Arlanda
40%
D Historical province of a carved, painted wooden statuette of a horse {Dala}rna
40%
N Largest and least populated of the three traditional lands of Sweden Norrland
36%
H Swedish county whose capital is Halmstad Halland
32%
P Northern city known for its Swedish dialect "pitemål" and cuisine called "pitepalt" Piteå
26%
W Swedish coffeehouse chain with over 50 coffeehouses in Sweden {Wayne}'s Coffee
23%
T Wealthy suburb of northern Stockholm with a very low municipal tax rate Täby
15%
No matching quizzes found
Score Distribution
Percent of People with Each Score
Percentile by Number Answered
Your Score History
You have not taken this quiz